000
00289 a2200121 4500
000
nam a22 7a 4500
005
20260217110652.0
020
_a
9780691233093
100
_a
Storm, Eric
_9
1116099
245
_a
Nationalism
260
_b
Princeton university press
_c
2024
942
_c
GB
999
_c
1679887
_d
1679887